| 000 | 03574nam a2200409 i 4500 | ||
|---|---|---|---|
| 001 | 193156 | ||
| 003 | SpMaBN | ||
| 005 | 20250808230414.0 | ||
| 007 | ta | ||
| 008 | 230913s2018 sp | |||| 000 0 spa | ||
| 017 |
_aM 534-2018 _bOficina Depósito Legal Madrid |
||
| 020 | _a9788491234401 | ||
| 035 | _a(OCoLC)1041430895 | ||
| 035 | _aa6109645 | ||
| 040 |
_aSpMaBN _bspa _cSpMaBN _erdc _dES-MaACL |
||
| 080 | _a342(460) | ||
| 080 | _a32(460)"1975/..." | ||
| 100 | 1 |
_aAlzaga Villaamil, Óscar, _d1942- _0XX858576 _eaut _921051 |
|
| 245 | 1 | 0 |
_aSociedad democrática y Constitución : _b(estudios y cabos sueltos) / _cÓscar Alzaga Villaamil. |
| 260 |
_aMadrid : _bMarcial Pons, _c2018. |
||
| 300 |
_a510 p. ; _c24 cm |
||
| 336 |
_aTexto (visual) _2isbdcontent |
||
| 337 |
_asin mediación _2isbdmedia |
||
| 338 |
_2rdacarrier _avolumen |
||
| 500 | _aÍndice | ||
| 504 | _aReferencias bibliográficas | ||
| 520 | _aEste libro recupera para el lector una selección de artículos y textos, de entre los que han conservado mayor interés para los especialistas en Derecho constitucional, que están ordenados por razón de su temática. Lo más singular de esta recopilación es la incorporación de un interesantísimo trabajo inédito que, bajo su dirección, el profesor Alzaga redactó en 1974 junto con otros cuatro juristas comprometidos con la oposición democrática, para exponer detalladamente y con formato de anteproyecto de Ley Electoral las garantías que consideraban indispensables para que la oposición pudiera aceptar participar en unas elecciones verdaderamente libres y competitivas. El encargo se materializó a través del director del Instituto de Estudios Administrativos. La práctica totalidad de las rigurosas garantías fueron recogidas en lo esencial por el articulado del Decreto-Ley de 18 de marzo de 1977 sobre normas electorales, que rigió las elecciones de 15 de junio de 1977, a las que concurrieron los partidos políticos que habían permanecido en la clandestinidad. Se incluyen también algunos de los primeros trabajos del autor, que son un buen exponente de las preocupaciones de un joven profesor de Derecho político en años oscuros en que en el mundo universitario se suman esfuerzos por avanzar hacia un auténtico Estado de Derecho, fundamentado en el respeto hacia los derechos inviolables de todas las personas y en la paz social. La mayoría de los escritos seleccionados de la etapa de madurez del profesor Alzaga versan bien sobre cuestiones complejas o delicadas de nuestro equilibrio institucional, bien sobre aquellos problemas constitucionales que por su importancia o dificultad han sido acreedores de particular atención por parte del autor. Según es tradición en el género de los libros recopilatorios de un autor de edad avanzada, naturalmente en la selección prima en definitiva lo que se juzga que puede ser más interesante para el lector especialista en la materia, al que se quiere facilitar la consulta de los materiales reunidos. | ||
| 650 | 4 |
_aDerecho constitucional- _zEspaña _911682 |
|
| 651 | 7 |
_aEspaña- _xPolítica y gobierno- _y1975- _9159606 |
|
| 852 |
_aES-MaACL _9200508 _jN-9382 _cDEPOJ _xEncuadernación rústica con solapas _bR.154572 _hDonación: Óscar Alzaga Villaamil |
||
| 903 |
_aAlzaga Villaamil, Óscar, _d1942- _ednr _921051 |
||
| 942 |
_n0 _cMONOGRAFIA |
||
| 999 |
_c193156 _d193156 |
||